Energy saving by increasing boiler efficiency /

Guardado en:
Otros Autores: Yaverbaum, Lee., (Editor , ed.)
Formato: Libro
Idioma:English
Publicado: Park Ridge, N.J. : Noyes Data Corp., 1979.
Series:Energy technology review ; no. 40
Materias:
Etiquetas: Agregar Etiqueta
Sin Etiquetas, Sea el primero en etiquetar este registro!
LEADER 00864nam a22002415a 4500
001 EIQ.libpla001288
008 790601s1979####njua#####b####000#0#eng#d
005 20060904152750.0
245 0 0 |a Energy saving by increasing boiler efficiency /  |c edited by L. H. Yaverbaum. 
260 |a Park Ridge, N.J. :  |b Noyes Data Corp.,  |c 1979. 
300 |a xi, 226 p. :  |b il. ;  |c 25 cm. 
440 0 |a Energy technology review ;  |v no. 40 
504 |a Incluye referencias bibliográficas. 
020 |a 0815507453 
700 1 |a Yaverbaum, Lee.,  |e ed.  |4 edt 
082 0 0 |a 621.1/8 
650 4 |a Calderas de vapor  |x Eficiencia. 
650 4 |a Calderas de vapor  |x Conservación de la energía. 
650 0 |a Steam-boilers  |x Efficiency. 
650 0 |a Steam-boilers  |x Energy conservation. 
010 |a  79083772  
040 |a DLC  |c DLC  |d AR-BbSID 
859 |a AR-BbSID  |b BIB. PLAPIQUI  |h 621.403  |i En 27  |p 951